000 00555nam a2200181Ia 4500
005 20250423095408.0
008 250422s9999 xx 000 0 und d
020 _a9780367251550
050 _aHV 8073 .J36/
100 _aEdited by Jan Seaman Kelly and Miriam Angel.
245 0 _aForensic document examination in the 21st century
260 _aBoca Raton, Florida
260 _bCRC Press
260 _c2021
300 _a313 p
650 _aForensic sciences--History--21st century. Criminal investigation--History--21st century.
942 _cBK
999 _c30143
_d30143